| 000 | 00881nam a2200193 a 4500 | ||
|---|---|---|---|
| 008 | 120416s2000 ||||||||||||||||| || u | ||
| 020 | _a0074636316 | ||
| 050 | _aTJ 810 Pra | ||
| 100 | _aPrakash, J | ||
| 245 | 1 | 0 | _aSolar energy: fundamentals and applications |
| 250 | _a1st rev. e | ||
| 260 |
_aNew Delhi _bTata McGraw-Hill _c2000 |
||
| 350 | _a0.00 | ||
| 650 | _aENERGY | ||
| 650 | _aSOLAR ENERGY | ||
| 995 |
_aMAIN LIBRARY OPEN ACCESS _D0.00 _e732318 _FCBU-MAIN LIBRARY (Kitwe) _H1 _I40.00 _jTJ 810 Pra _M1 _UAVAILABLE _y029560 _ZMain Library Open Access Collection |
||
| 995 |
_aMAIN LIBRARY OPEN ACCESS _D0.00 _e732319 _FCBU-MAIN LIBRARY (Kitwe) _H2 _I40.00 _jTJ 810 Pra _M2 _UAVAILABLE _y029558 _ZMain Library Open Access Collection |
||
| 995 |
_aANNEX COLLECTION (Main Library) _D0.00 _e732319 _FCBU-MAIN LIBRARY (Kitwe) _H3 _I40.00 _jTJ 810 Pra _UAVAILABLE _y029559 _ZAnnex Low-Usage Collection |
||
| 999 |
_c76644 _d76644 |
||